00298nam a22001097a 4500020000800000040001600008082001300024100001600037245005100053260005200104300003200156 qPB. cFizza Ishaq a150bROL aMay, Rollo. aPsychology and the Human Dilemma /cRollo May. aNew York ;bVan Nostrand Reinhold Trade,c1961. a221 p. ;c8.1x5.5x.5 inches